01427nam a22003377a 45000010005000000030006000050050017000110080041000280200017000690400029000860500011001150820012001261000017001382450089001552500028002442600048002723000049003204900026003695050008003955200243004035210029006465210020006756500024006956500025007197000030007447000033007749420015008079990015008229520126008379520126009635214FISKH20241119110811.0241119b cb ||||| |||| 00| 0 eng d a356590124051 aFISKHbengcFISKHdFISKH aTA1675 a621.366 aMyring, Lynn aLasers :bWhat they can do and how they work / cby Lynn Myring and Maurice Kimmitt  aFirst published in 1984 aLondon : bUsborne Publishing Ltd ;c1984 . a48 pages : bcolor illustrations ;c25 cm .  aUsborne Introductions aX  aFrom how laser light is produced to the amazing holograms (3-D pictures) it produces, The Usborne Introduction to Lasers shows how the very special qualities of light can be applied to medicine and heavy industry amongst many other areas.8 a890 bLexile estimate 8 aX bRaz-Plus  alasersvnon-fiction asciencevnon-fiction aLyon, Chris eillustrator aNewton, Martineillustrator  2ddccBKn0 c5214d5214 00102ddc40708NFICa002b002cSNSd2024-11-19l0oMYR 621.366 TA1675pFIS01358r2024-11-19 11:08:07t1w2024-11-19yBK 00102ddc40708NFICa002b002cSNSd2025-06-16l0oMYR 621.366 TA1675pFIS01344r2025-06-16 14:17:36t2w2025-06-16yBK